000 00624nam a2200229 i 4500
001 9333
003 ES-MaACL
005 20230906145643.0
007 t|
008 930806s1992 sp ||||1| spa d
020 _a84-87964-04-4
080 _a86-14"19"
080 _a86(Losada,J.7 I.01)
100 1 _aLosada, Jesús.
_974255
245 1 0 _aIndulgencia plenaria /
_cJesús Losada.
260 _aMadrid :
_bGramma,
_cD.L. 1992.
300 _a59 p. :
_bretr. ;
_c21 cm.
490 1 _aGramma poesía ;
_v2
830 0 _aGramma poesía ;
_v2
_9179262
852 _aES-MaACL
_j2146-F-19
_bR.121369
999 _c9333
_d9333